书目信息 |
| 题名: |
马克思主义经济学常识
|
|
| 作者: | 文利 编著 | |
| 分册: | ||
| 出版信息: | 北京 中华工商联合出版社 2014.04 |
|
| 页数: | 154页 | |
| 开本: | 22cm | |
| 丛书名: | 马列主义常识公民读本 | |
| 单 册: | ||
| 中图分类: | F0-0 , F0 | |
| 科图分类: | ||
| 主题词: | 政治经济学--ma ke si zhu yi zheng zhi jing ji xue--基本知识 | |
| 电子资源: | ||
| ISBN: | 978-7-80249-976-8 | |
| 000 | 00956nam 2200265 450 | |
| 001 | 2368552461 | |
| 005 | 20231109123321.49 | |
| 010 | @a978-7-80249-976-8@dCNY38.00 | |
| 100 | @a20150806d2014 em y0chiy50 ea | |
| 101 | 0 | @achi |
| 102 | @aCN@b110000 | |
| 105 | @ay a 000yy | |
| 200 | 1 | @a马克思主义经济学常识@Ama ke si zhu yi jing ji xue chang shi@f本册作者文利 |
| 210 | @a北京@c中华工商联合出版社@d2014.04 | |
| 215 | @a154页@d22cm | |
| 225 | 2 | @a马列主义常识公民读本@Ama lie zhu yi chang shi gong min du ben |
| 320 | @a有书目 (第153-154页) | |
| 330 | @a全书从马克思主义政治经济学的产生、研究对象和基本特征出发, 全面阐述商品、货币、价值规律、剩余价值、资本、经济危机的本质、根源及其作用。 | |
| 410 | 0 | @12001 @a马列主义常识公民读本 |
| 606 | 0 | @a政治经济学@Ama ke si zhu yi zheng zhi jing ji xue@x基本知识 |
| 690 | @aF0-0@v5 | |
| 690 | @aF0@v4 | |
| 701 | 0 | @a文利@Awen li@4编著 |
| 801 | 0 | @aCN@b山东中教@c20230926 |
| 905 | @aBZT@dF0@e265 | |
| 马克思主义经济学常识/本册作者文利.-北京:中华工商联合出版社,2014.04 |
| 154页;22cm.-(马列主义常识公民读本) |
| ISBN 978-7-80249-976-8:CNY38.00 |
| 全书从马克思主义政治经济学的产生、研究对象和基本特征出发, 全面阐述商品、货币、价值规律、剩余价值、资本、经济危机的本质、根源及其作用。 |
| ● |
| 相关链接 |
|
|
|
正题名:马克思主义经济学常识
索取号:F0/265
 
预约/预借
| 序号 | 登录号 | 条形码 | 馆藏地/架位号 | 状态 | 备注 |
| 1 | 2000950941 | 2000950941 | 第四书库/四5架B面5层1列/ [索取号:F0/265] | 在馆 | |
| 2 | 2000950942 | 2000950942 | 第四书库/四5架B面5层1列/ [索取号:F0/265] | 在馆 | |
| 3 | 2000950943 | 2000950943 | 第四书库/四5架B面5层1列/ [索取号:F0/265] | 在馆 | |
| 4 | 2000950944 | 2000950944 | 第四书库/四5架B面5层1列/ [索取号:F0/265] | 在馆 | |
| 5 | 2000950945 | 2000950945 | 第四书库/四5架B面5层1列/ [索取号:F0/265] | 在馆 | |
| 6 | 2000950946 | 2000950946 | 第四书库/四5架B面5层1列/ [索取号:F0/265] | 在馆 |